000 00352nam a2200145Ia 4500
008 230917s9999||||xx |||||||||||||| ||und||
040 _e115056
_aMAIN
041 _aEnglish
082 _a910.02 H95F
245 0 _aFundamentals of physical geography
250 _a3rd ed.
260 _aNew Delhi
_bRawat
_c2007
300 _aix, 732p p.
942 _cBK
999 _c140075
_d140075